Mundo bilina /

Guardado en:
Autor Principal: Palacios, Cristian
Formato: Libro
Publicado: Buenos Aires : Sm, 2012
Series:El barco de vapor
Materias:
Etiquetas: Agregar Etiqueta
Sin Etiquetas, Sea el primero en etiquetar este registro!
LEADER 00751nam a22002655a 4500
001 CEM.cems018134
005 20140325135117.0
008 130507s2012##################000#0#####d
003 CEMS
020 |a 9789875731936 
082 0 4 |a A863.4 
100 1 |a Palacios, Cristian 
245 1 0 |a Mundo bilina /  |c Cristian Palacios 
260 |a Buenos Aires :  |b Sm,  |c 2012 
300 |a 104 p. 
490 0 |a El barco de vapor 
500 |a A partir de 12 años 
653 |a Literatura 
653 |a Literatura argentina 
653 |a Novela argentina 
653 |a Novela juvenil 
653 |a Literatura juvenil 
653 |a Ministerio de educación-colección literaria 
653 |a Novelas 
859 |a CEMS  |b BIB. CEMS - Agricultura  |h A863.4  |i P171  |p A2129.14  |t Ej.1